000 00837cam a2200289 4500
001 ABS66675
008 030509n2003 000 0 eng u
035 _a(Sirsi) u122235
245 _aFocus 2003: Lancashire and Cumbria
260 _c2003
490 _aEstates Gazette
_v(0314) 5 April 2003, 63-91(15)
590 _aABS
650 _aLANCASHIRE
650 _aCUMBRIA
650 _aMORECAMBE
650 _aLANCASTER
650 _aPROPERTY-COMMERCIAL PROPERTY-OFFICE PROPERTY-OFFICE PROPERTY MARKET
650 _aINDUSTRIAL MARKET
650 _aPROPERTY-COMMERCIAL PROPERTY-RETAIL PROPERTY-RETAIL PROPERTY MARKET
650 _aPRESTON
650 _aBURNLEY
650 _aBLACKBURN
650 _aBLACKPOOL
650 _aCARLISLE
690 _aPROPERTY-COMMERCIAL PROPERTY-COMMERCIAL PROPERTY MARKET
942 _n0
999 _c72645
_d72645